Responses for Show #3265 - Friday, November 13, 1998

1998 Boston Week game 5.
From the Wang Center for the Performing Arts in Boston, Massachusetts.

Contestants

[<< previous game]

Chip Hicks, a law student from North Augusta, South Carolina

Tracy Ross, an account manager from Boston, Massachusetts

Harry Silverstein, a marketing executive from New York City, New York (whose 1-day cash winnings total $4,400)

[next game >>]

Jeopardy! Round responses

TASTE TREATS
TIMON OF ATHENS
OH, HENRYs!
WEIGHTS & MEASURES
STORMY WEATHER
A CATEGORY ABOUT NOTHING
(Alex: Nothing in particular!)
    $100 6
peanuts

Chip
    $100 11
Henry "Hank" Aaron

Harry
    $100 1
ton

Harry
    $100 18
tornado

Harry
    $100 12
baseball

Tracy
    $200 7
beets

Chip
    $200 14
Buck Henry

Triple Stumper
    $200 2
bushel

Tracy
    $200 19
(Alex: You get a lot of them here (in Boston))

blizzard

Harry
    $200 13
nada

Tracy
    $300 8
beer

Harry
    $300 23
Henry Miller

Harry
    $300 3
(Chip: What is a nautical mile?)

kilometer

TracyChip
    $300 20
eye

Harry
    $300 15
(Chip: What are The Fantasticks?)
(Harry: What is Fame?)

A Chorus Line

HarryChip
Triple Stumper
    $400 9
Tabasco

Harry
    $400 27
[The end-of-round signal sounds.]

the Tomb of the Unknown Soldier

Chip
    $400 24
(Alex: We have less than a minute to go.)

Patrick Henry

Chip
    $400 4
(Chip: What are feet?)
(Harry: What are nautical miles?)

miles

HarryTracyChip
    $400 21
hailstones

Tracy
    $400 16
Harry S. Truman

Tracy
    $500 10
(Chip: What is barley?)

corn

TracyChip
    $300 26
(Chip: What is the market of Alexandria?)
(Alex: He has agoraphobia, hence he avoids the agora)

agora

Chip
    $500 25
Henry Gibson

Triple Stumper
    $500 5
billion

Triple Stumper
    $500 22
the Great Red Spot

Chip
    $500 17
(Harry: What is a zen paradox?)
(Tracy: What is a mantra?)

a koan

HarryTracy
Triple Stumper

Scores at the first commercial break (after clue 13):

Harry Tracy Chip
$500 $1,700 -$900

Scores at the end of the Jeopardy! Round:

Harry Tracy Chip
$600 $2,000 -$200

Double Jeopardy! Round responses

PAUL REVERE
THE VISDOM OF WITTGENSTEIN
THE CANNELL CHANNEL
"PARKER" HOUSE
WASHINGTON IRVING & FRIENDS
LIKE AN ANIMAL
(Alex: We'll give you an adjective, you name the animal)
    $200 1
Boston Tea Party

Harry
    $200 2
The Rockford Files

Harry
    $200 13
Henry Wadsworth Longfellow

Tracy
    $200 8
cow

Tracy
    $400 4
silver

Harry
    $400 26
(Harry: What are weapons?)
...
[The end-of-round signal sounds.]

tools

HarryChip
    $400 3
The A-Team

Chip
    $400 18
Fess Parker

Triple Stumper
    $400 14
Sir Walter Scott

Triple Stumper
    $400 9
bear

Tracy
    $1,500 21
(Chip: What is tinsmithing?)
...
(Alex: We have a minute to go.)

dentistry

Chip
    $600 25
pictures

Harry
    $600 5
Brownshoe

Triple Stumper
    $600 15
Camilla Parker Bowles

Chip
    $600 16
(Harry: Who is Monroe?)

Dolley Madison

Harry
Triple Stumper
    $600 10
lion

Chip
    $800 24
William Dawes

Tracy
    $800 6
Silk Stalkings

Harry
    $800 19
Parker Lewis

Chip
    $800 17
Aaron Burr

Harry
    $800 11
wolf

Chip
    $1000 22
Crispus Attucks

Triple Stumper
    $1000 7
21 Jump Street

Harry
    $1000 20
Alan Parker

Triple Stumper
    $1000 23
(Chip: Who is Crockett?)

John Jacob Astor

Chip
Triple Stumper
    $1000 12
donkey/ass

Harry

Scores at the end of the Double Jeopardy! Round:

Harry Tracy Chip
$4,600 $3,600 $900

[wagering suggestions for these scores]

Final Jeopardy! Round responses

PLAYS
(Alex: Congratulations, Harry! We will take a break for about a week and then we will bring you to Los Angeles to compete again as our returning champion! We'll see you all next week with our Teen Reunion Tournament right here from the Wang Center for the Performing Arts. So long, everybody!)
[NOTE: 16 miles NE of where they are is Salem, Massachusetts, site of the Witch Trials.]
ChipWhat is "The Crucible"
$900
TracyWhat is The Crucible
$1,001
HarryWhat is The Crucible
$2,601
The Crucible (by Arthur Miller)

Final scores:

Harry Tracy Chip
$7,201 $4,601 $1,800
2-day champion: $11,601 2nd place: a trip to Waterville Valley Resort, New Hampshire 3rd place: Advent wireless headphones & loudspeakers + a Daewoo 25-inch TV & VCR

Game dynamics:

Coryat scores:

Harry Tracy Chip
$4,600 $3,600 $2,700
16 R
(including 1 DD),
5 W
12 R,
1 W
11 R,
7 W
(including 2 DDs)

Combined Coryat: $10,900

[game clues] [game scores] [suggest correction]

Game tape date: 1998-09-18
The J! Archive is created by fans, for fans. Scraping, republication, monetization, and malicious use prohibited; this site may use cookies and collect identifying information. See terms. The Jeopardy! game show and all elements thereof, including but not limited to copyright and trademark thereto, are the property of Jeopardy Productions, Inc. and are protected under law. This website is not affiliated with, sponsored by, or operated by Jeopardy Productions, Inc. Join the discussion at JBoard.tv.